มุมมองปกติ
มุมมองแบบ MARC
- ทองแถม นาถจำนง
รายการ Personal Name
001 - CONTROL NUMBER
- control field: 13297
003 - CONTROL NUMBER IDENTIFIER
- control field: NALT
005 - DATE AND TIME OF LATEST TRANSACTION
- control field: 20210118100909.0
008 - FIXED-LENGTH DATA ELEMENTS
- fixed length control field: 170818|| aca||aabn | a|a d
040 ## - CATALOGING SOURCE
- Original cataloging agency: NALT
- Transcribing agency: NALT
100 0# - HEADING--PERSONAL NAME
- Personal name: ทองแถม นาถจำนง
670 ## - SOURCE DATA FOUND
- Source citation: Work cat.: (NALT)41378: ทองแถม นาถจำนง, ผู้แปล, กว่าจะมาเป็นจีน ประวัติศาสตร์การก่อตั้งจักรวรรดิของจิ๋นซีฮ่องเต้, 2530
